00753nam a2200217 a 4500008004100000020001500041050001700056100002200073245003400095260004800129300001600177350000900193490006600202490000600268650004100274650002600315650003500341700004100376856006300417856005500480120416s1999 ||||||||||||||||| || u a0521650062 aQA 404.5 Ort aBultheel, Adhemar10aOrthogonal rational functions aCambridgebCambridge University Pressc1999 axiii, 407p. a0.00 aCambridge monographs on applied and computational mathematics v5 0aMATHEMATICS--HANDBOOKS, MANUALS, ETC aFunctions, Orthogonal aFUNCTIONS OF COMPLEX VARIABLES aHendriksen, Erik [and] Njastad, Olav uhttp://www.loc.gov/catdir/description/cam029/98011646.html uhttp://www.loc.gov/catdir/toc/cam024/98011646.html